[Event "AUTO-OPEN-1007"]
[Site "http://www.queenalice.com/game.php?id=351094"]
[Date "2008.2.9"]
[Round "1"]
[White "PaulinhoRezende"]
[Black "eduardinhotap"]
[Result "1-0"]
[WhiteElo "1864"]
[BlackElo "1355"]

1. d4 d5 2. c4 dxc4 3. Nc3 Na6 4. e4 Qxd4 5. Qxd4 Nh6 6. Bxh6 gxh6 7. Qxh8 Nc5
8. Bxc4 Nd3+ 9. Bxd3 a5 10. Nb5 Ra6 11. Nxc7+ Kd7 12. Nxa6 bxa6 13. Qxf8 Bb7 14.
Qxf7 Bc6 15. O-O-O h5 16. Bxa6+ Bd5 17. Rxd5+ Kc6 18. Bb5+ Kb6 19. Qxe7 a4 20.
Qc5+ Ka5 21. Bc4# 1-0

[Event "AUTO-OPEN-1007"]
[Site "http://www.queenalice.com/game.php?id=351121"]
[Date "2008.2.9"]
[Round "1"]
[White "Eclesiastes"]
[Black "PaulinhoRezende"]
[Result "0-1"]
[WhiteElo "1680"]
[BlackElo "1864"]

1. c4 c5 2. Nc3 Nf6 3. e4 e5 4. Nf3 Nc6 5. Bd3 Be7 6. a3 d6 7. b4 cxb4 8. axb4
Bg4 9. h3 Bh5 10. Be2 O-O 11. Nd5 Bxf3 12. gxf3 Nxd5 13. cxd5 Nxb4 14. Rb1 a5
15. d4 exd4 16. Rg1 Rc8 17. Bh6 g6 18. Bxf8 Bxf8 19. Qxd4 Nc2+ 0-1

[Event "AUTO-OPEN-1007"]
[Site "http://www.queenalice.com/game.php?id=351122"]
[Date "2008.2.9"]
[Round "1"]
[White "PaulinhoRezende"]
[Black "Eclesiastes"]
[Result "1-0"]
[WhiteElo "1907"]
[BlackElo "1695"]

1. c4 Nf6 2. d4 e6 3. a3 c5 4. e3 cxd4 5. exd4 Nc6 6. Nf3 d5 7. c5 Be7 8. Nc3 b6
9. b4 O-O 10. Bd3 Qc7 11. O-O bxc5 12. bxc5 Ng4 13. Bc2 a6 14. g3 f5 15. Bf4 Qd8
16. h3 Nf6 17. Qd3 Nh5 18. Be5 Nxe5 19. Nxe5 Bf6 20. Ne2 Qc7 21. g4 fxg4 22.
Qxh7# 1-0

[Event "Challenge"]
[Site "http://www.queenalice.com/game.php?id=351182"]
[Date "2008.2.9"]
[Round "-"]
[White "Joh"]
[Black "PaulinhoRezende"]
[Result "0-1"]
[WhiteElo "1009"]
[BlackElo "1938"]

1. h4 e5 2. d3 b6 3. Qd2 Be7 4. f3 Bb7 5. Nh3 Bxh4+ 6. Kd1 Nc6 7. Qe3 Qe7 8. b4
Qxb4 9. c3 Qa4+ 10. Kd2 O-O-O 11. c4 Nd4 12. Qxd4 exd4 13. Nf4 Qb4+ 14. Kd1 Qe1+
15. Kc2 Bc6 16. Na3 Ba4+ 17. Kb2 Qc3+ 18. Kb1 Be7 19. Bb2 Qe1+ 20. Bc1 Bxa3 21.
Nd5 Qxc1# 0-1

[Event "AUTO-OPEN-1008"]
[Site "http://www.queenalice.com/game.php?id=351275"]
[Date "2008.2.9"]
[Round "1"]
[White "EDISAN"]
[Black "PaulinhoRezende"]
[Result "0-1"]
[WhiteElo "1191"]
[BlackElo "1837"]

1. d4 c5 2. dxc5 Nc6 3. e4 e5 4. Nf3 Bxc5 5. c3 Nf6 6. Ng5 h6 7. Nf3 O-O 8. Qd5
Nxd5 9. exd5 Ne7 10. Nxe5 Nxd5 11. Bc4 Qe7 12. O-O Qxe5 13. Rd1 Nf4 14. g3 Ne2+
15. Bxe2 Qxe2 16. Rf1 d5 17. Nd2 Bh3 18. a4 Bxf1 19. Nxf1 Qxf2+ 20. Kh1 Qg1# 0-1

[Event "AUTO-OPEN-1008"]
[Site "http://www.queenalice.com/game.php?id=351276"]
[Date "2008.2.9"]
[Round "1"]
[White "PaulinhoRezende"]
[Black "EDISAN"]
[Result "0-1"]
[WhiteElo "1821"]
[BlackElo "1168"]

1. d4 f5 2. e3 d5 3. Bd3 g6 4. Nc3 Nf6 5. Nge2 Nc6 6. O-O a5 7. f3 a4 8. Bd2 Bh6
9. e4 dxe4 10. fxe4 fxe4 11. Bxe4 Nxe4 12. Nxe4 Bg7 13. c3 b6 14. N2g3 e6 15.
Ng5 h6 16. Nf7 Qh4 17. Nxh8 Bxh8 18. Qf3 Bb7 19. Qf7+ Kd8 20. d5 Ne5 21. Qf8+
Kd7 22. dxe6+ Kxe6 0-1

[Event "AUTO-OPEN-1008"]
[Site "http://www.queenalice.com/game.php?id=351299"]
[Date "2008.2.9"]
[Round "1"]
[White "mowliid12"]
[Black "PaulinhoRezende"]
[Result "1-0"]
[WhiteElo "1932"]
[BlackElo "1844"]

1. d4 c5 2. dxc5 Nc6 3. e4 e5 4. Bc4 Nf6 5. Nc3 Bxc5 6. h3 O-O 7. Nf3 a6 8. a3
b5 9. Bb3 Qb6 10. O-O a5 11. Bg5 Nh5 12. Nxe5 Nxe5 13. Qxh5 Ng6 14. Nd5 Qc6 15.
e5 Nxe5 16. Bf6 Ng6 17. Bc3 Bb7 18. Rad1 a4 19. Ba2 Nf4 20. Nxf4 Bd6 21. Qg5 1-0

[Event "AUTO-OPEN-1008"]
[Site "http://www.queenalice.com/game.php?id=351300"]
[Date "2008.2.9"]
[Round "1"]
[White "PaulinhoRezende"]
[Black "mowliid12"]
[Result "0-1"]
[WhiteElo "1853"]
[BlackElo "1880"]

1. c4 e5 2. e3 Nf6 3. Nc3 Be7 4. Nge2 O-O 5. g3 d6 6. Bg2 c6 7. O-O h6 8. d4 Qc7
9. d5 Bf5 10. e4 Bg6 11. Qc2 cxd5 12. Nxd5 Nxd5 13. Qb3 Nb6 14. Be3 Nc6 15. Bxb6
axb6 16. Nc3 Nd4 17. Nb5 Nxb3 18. Nxc7 Nxa1 19. Nxa8 Rxa8 20. Rxa1 Rc8 21. b3 f6
22. f3 Be8 23. Kf2 b5 24. Rc1 bxc4 25. bxc4 b5 26. Bf1 Bf7 27. Rd1 bxc4 28. a4
c3 29. Rc1 Bb3 30. a5 d5 0-1

[Event "AUTO-OPEN-1008"]
[Site "http://www.queenalice.com/game.php?id=351315"]
[Date "2008.2.9"]
[Round "1"]
[White "PaulinhoRezende"]
[Black "JULIANE_BRASIL"]
[Result "1-0"]
[WhiteElo "1785"]
[BlackElo "2089"]

1. c4 c5 2. Nc3 Nc6 3. e3 g6 4. Nf3 Bg7 5. Be2 Nf6 6. O-O O-O 7. d4 cxd4 8. exd4
e6 9. Bg5 Qb6 10. b3 d5 11. Bxf6 Bxf6 12. c5 Qc7 13. b4 Nxb4 14. Nb5 Qc6 15. Nd6
b6 16. a3 bxc5 17. Nxc8 Raxc8 18. axb4 cxb4 19. Qb3 Qc3 20. Qxc3 bxc3 21. Rxa7
Ra8 22. Rc7 Rfc8 23. Rxc8+ Rxc8 24. Rc1 Kf8 25. Ne5 Bxe5 26. dxe5 d4 27. Bd3 Ke7
28. f4 f6 29. Kf2 fxe5 30. fxe5 Rc5 31. Re1 Kd7 32. Kf3 Kc6 33. Ke4 Rd5 34. g4
Kc5 35. Rf1 Rd8 36. Rf6 Re8 37. Rf7 1-0

[Event "AUTO-OPEN-1008"]
[Site "http://www.queenalice.com/game.php?id=351316"]
[Date "2008.2.9"]
[Round "1"]
[White "JULIANE_BRASIL"]
[Black "PaulinhoRezende"]
[Result "1-0"]
[WhiteElo "2089"]
[BlackElo "1820"]

1. c4 c5 2. Nc3 g6 3. e3 Bg7 4. Nge2 e6 5. g3 Ne7 6. Bg2 O-O 7. O-O Nbc6 8. d4
cxd4 9. exd4 d5 10. cxd5 Nxd5 11. Nxd5 exd5 12. Be3 Be6 13. a3 Qd7 14. b4 b5 15.
Qd2 Bh3 16. f4 Bxg2 17. Kxg2 Qf5 18. Rac1 Rac8 19. Rc5 Ne7 20. Rxc8 Rxc8 21. Rc1
Qe4+ 22. Kg1 Nf5 23. Bf2 Re8 24. Re1 Qf3 25. Qc3 Qxc3 26. Nxc3 Rxe1+ 27. Bxe1
Bxd4+ 28. Kg2 Ne3+ 29. Kf3 Nc2 30. Bd2 Bxc3 31. Bxc3 Nxa3 32. Ke3 Nc4+ 33. Kd4
a6 34. Kxd5 Kf8 35. Kc6 Ke7 36. Kb7 Ke6 37. Kxa6 Nd6 38. h4 Kd5 39. Kb6 1-0

[Event "Challenge"]
[Site "http://www.queenalice.com/game.php?id=355668"]
[Date "2008.2.17"]
[Round "-"]
[White "PaulinhoRezende"]
[Black "anakarine"]
[Result "0-1"]
[WhiteElo "1814"]
[BlackElo "1655"]

1. d4 d5 2. c4 dxc4 3. Nc3 Nc6 4. d5 Ne5 5. e4 Bg4 6. f3 Bd7 7. Bf4 Nd3+ 8. Bxd3
cxd3 9. Qxd3 Nf6 10. Nge2 h6 11. O-O-O a6 12. g4 e6 13. dxe6 fxe6 14. e5 Nd5 15.
Nxd5 exd5 16. Qxd5 c6 17. Qb3 Be7 18. e6 Kf8 19. Rxd7 Qxd7 20. exd7 b5 0-1

[Event "Paulinho/Tech 1"]
[Site "http://www.queenalice.com/game.php?id=362484"]
[Date "2008.2.28"]
[Round "-"]
[White "PaulinhoRezende"]
[Black "technicaldraw"]
[Result "0-1"]
[WhiteElo "1856"]
[BlackElo "1969"]

1. c4 Nf6 2. e3 e6 3. Ne2 d5 4. cxd5 Nxd5 5. Nbc3 Bd7 6. g3 c5 7. Bg2 Bc6 8.
Nxd5 exd5 9. O-O Bd6 10. b3 Qf6 11. Rb1 Nd7 12. Bb2 Qg6 13. Nf4 Bxf4 14. exf4
O-O 15. Qc1 b6 16. d4 Rfe8 17. dxc5 bxc5 18. Qd2 Nb6 19. Rbc1 c4 20. bxc4 Rad8
21. cxd5 Bxd5 22. Bxd5 Rxd5 23. Qc3 Rf5 24. Qf3 Nd5 25. Kh1 Qb6 26. Qg4 g6 27.
Rb1 Qc6 28. Kg1 Re4 29. Qd1 h5 30. Qd3 Rexf4 31. Rfc1 Qa8 32. gxf4 Nxf4 33. Rc8+
Qxc8 34. Qd1 Rg5+ 35. Kf1 Qh3+ 0-1